French verbs - past participles (participes passés) Click Quiz #1 - Statistics

General Stats
  • This quiz has been taken 109 times
  • The average score is 41 of 48
Answer Stats
Hint Answer % Correct
excusé excuser
93%
accompli accomplir
91%
cloué clouer
91%
construit construire
91%
écrit écrire
91%
émis émettre
91%
employé employer
91%
évité éviter
91%
exclu exclure
91%
instruit instruire
91%
assisté assister
90%
écouté écouter
90%
extrait extraire
90%
interdit interdire
90%
introduit introduire
90%
absous absoudre
89%
assailli assaillir
89%
atteint atteindre
89%
attendu attendre
89%
cloné cloner
89%
conduit conduire
89%
couvert couvrir
89%
créé créer
89%
élu élire
89%
acquis acquérir
88%
craint craindre
88%
été être
88%
inclus inclure
88%
inscrit inscrire
88%
abouti aboutir
86%
accru accroître
86%
conclu conclure
86%
crié crier
86%
avéré avérer
85%
connu connaître
85%
cuit cuire
85%
averti avertir
81%
chu choir
81%
couru courir
81%
avoué avouer
80%
ému émouvoir
80%
conçu concevoir
79%
cousu coudre
79%
clos clore
76%
assis asseoir
74%
cru croire
70%
eu avoir
69%
crû croître
53%
No matching quizzes found
Score Distribution
Percent of People with Each Score
Percentile by Number Answered
Your Score History
You have not taken this quiz